| 000 | 00830cab a2200217 4500 | ||
|---|---|---|---|
| 001 | WB2828-25 | ||
| 008 | 090401t1992 xxu||||| |||| 00| 0 eng d | ||
| 035 | _a(Sirsi) u59754 | ||
| 041 | _aeng | ||
| 245 | _aChambers expect boost from one-stop centres | ||
| 260 | _c1992 | ||
| 350 | _a0 | ||
| 490 |
_aTimes _v14 July 1992, 20(1) |
||
| 520 | _aCreation of the Government`s new one-stop shops to serve businesses will provide a `second chance` for Britain`s chambers of commerce to raise standards of service and gain a role as influential as their continental counterparts according to the chambers new president, Christopher Stewart-Smith. | ||
| 650 | _aBRITISH CHAMBERS OF COMMERCE | ||
| 650 | _aCHAMBERS OF COMMERCE | ||
| 650 | _aONE-STOP SHOPS | ||
| 690 | _aECONOMIC AND SOCIAL | ||
| 942 | _n0 | ||
| 948 | _c04/03/1997 | ||
| 999 |
_c36722 _d36722 |
||